000
00275nam a22001337a 4500
008
180924b xxu||||| |||| 00| 0 eng d
020
_a
9781440183201
041
_a
eng
080
_a
610
100
_a
3
101
_a
SHM
245
_a
Glaucoma
_c
Marks, E
942
_2
udc
_c
BK
999
_c
48412
_d
48412